000 00672nam a22002417a 4500
003 UA-OsUOA
001 26105
007 ta
008 20040512b un ||||| |||| 00| 0 ukr d
090 _a398.8+78
_bМ89
942 _cBK
040 _aUA-OsUOA
_bukr
_cUA-OsUOA
_dUA-OsUOA
245 _aМузичний фольклор з Полісся у записах Ф. Колеси та К. Мошинського
_cУпоряд. С.Й.Грица
300 _a432 с.
955 _a0
041 _aukr
080 _a398.8+78
020 _a5-88510-205-8
260 _aКиїв
_bМузична Україна
_c1995
044 _aUA
650 7 _2UDC
999 _c312417
_d312417